MyGZULibrary

In search of Africa / (Record no. 833)

MARC details
000 -LEADER
fixed length control field 01369cam a2200361 a 4500
001 - CONTROL NUMBER
control field 2141773
003 - CONTROL NUMBER IDENTIFIER
control field GZU
005 - DATE AND TIME OF LATEST TRANSACTION
control field 20200915095134.0
008 - FIXED-LENGTH DATA ELEMENTS--GENERAL INFORMATION
fixed length control field 980327s1998 mauab b 001 0deng
010 ## - LIBRARY OF CONGRESS CONTROL NUMBER
LC control number 98017149
020 ## - INTERNATIONAL STANDARD BOOK NUMBER
International Standard Book Number 0674446119 (alk. paper)
040 ## - CATALOGING SOURCE
Original cataloging agency DLC
Transcribing agency DLC
Modifying agency DLC
043 ## - GEOGRAPHIC AREA CODE
Geographic area code n-us---
-- fw-----
050 00 - LIBRARY OF CONGRESS CALL NUMBER
Classification number E184
Item number DIA1998
082 00 - DEWEY DECIMAL CLASSIFICATION NUMBER
Classification number 973/.0496
Edition number 21
100 1# - MAIN ENTRY--PERSONAL NAME
Personal name Diawara, Manthia,
Dates associated with a name 1953-
245 10 - TITLE STATEMENT
Title In search of Africa /
Statement of responsibility, etc. Manthia Diawara.
260 ## - PUBLICATION, DISTRIBUTION, ETC.
Place of publication, distribution, etc. Cambridge, Mass. :
Name of publisher, distributor, etc. Harvard University Press,
Date of publication, distribution, etc. 1998.
300 ## - PHYSICAL DESCRIPTION
Extent ix, 288 p. :
Other physical details ill., map ;
Dimensions 24 cm.
504 ## - BIBLIOGRAPHY, ETC. NOTE
Bibliography, etc. note Includes bibliographical references (p. 279-282) and index.
600 10 - SUBJECT ADDED ENTRY--PERSONAL NAME
Personal name Diawara, Manthia,
Dates associated with a name 1953-
General subdivision Travel
Geographic subdivision Africa.
650 #0 - SUBJECT ADDED ENTRY--TOPICAL TERM
Topical term or geographic name entry element West Africans
Geographic subdivision United States
General subdivision Ethnic identity.
650 #0 - SUBJECT ADDED ENTRY--TOPICAL TERM
Topical term or geographic name entry element West Africans
Geographic subdivision United States
Form subdivision Biography.
650 #0 - SUBJECT ADDED ENTRY--TOPICAL TERM
Topical term or geographic name entry element African Americans
General subdivision Relations with Africans.
650 #0 - SUBJECT ADDED ENTRY--TOPICAL TERM
Topical term or geographic name entry element Pan-Africanism.
650 #0 - SUBJECT ADDED ENTRY--TOPICAL TERM
Topical term or geographic name entry element African American arts.
650 #0 - SUBJECT ADDED ENTRY--TOPICAL TERM
Topical term or geographic name entry element Arts, African.
651 #0 - SUBJECT ADDED ENTRY--GEOGRAPHIC NAME
Geographic name United States
General subdivision Relations
Geographic subdivision Africa, French-speaking West.
651 #0 - SUBJECT ADDED ENTRY--GEOGRAPHIC NAME
Geographic name Africa, French-speaking West
General subdivision Relations
Geographic subdivision United States.
906 ## - LOCAL DATA ELEMENT F, LDF (RLIN)
a 7
b cbc
c orignew
d 1
e ocip
f 19
g y-gencatlg
942 ## - ADDED ENTRY ELEMENTS (KOHA)
Source of classification or shelving scheme Library of Congress Classification
Koha item type Books
Classification part 184
Item part DIA
Call number prefix E
Holdings
Withdrawn status Lost status Damaged status Not for loan Collection code Home library Current library Shelving location Date acquired Total Checkouts Full call number Barcode Date last seen Copy number Price effective from Koha item type
        Fiction City Campus Library City Campus Library General Stacks 09/15/2020   E184 DIA 1998 002475 09/15/2020 c.1 09/15/2020 Books